000 00571nam a2200181 u 4500
001 000036148
005 20200930074922.0
008 111220s19uu fr r 000 0 spa d
040 _aDO-SdBNP
_bspa
_cBNPHU
245 0 0 _aMemling :
_b1435-1494 /
_cHenri, Roujôn.
260 _aParís :
_bPierre Lafitte,
_c[196?].
300 _a80 p. :
_bil. ;
_c22 cm.
490 1 _aLes peintres illustres
590 _aPerteneció a la biblioteca personal de Juan Isidro Jimenes Grullón
700 1 2 _aRoujôn, Henri
_962185
830 0 _aLes peintres illustres
_961839
049 _aBNPD
999 _c35639
_d35639